| Tag |
First Indicator |
Second Indicator |
Subfields |
| LEADER |
00000cam a2200000Ia 4500 |
| 001 |
in00003503521 |
| 006 |
m o d |
| 007 |
cr unu|||||||| |
| 008 |
090104s1975 gw a ob 101 0 eng d |
| 005 |
20260422223240.7 |
| 019 |
|
|
|a 625214755
|a 681459572
|
| 020 |
|
|
|a 9783540379218 (electronic bk.)
|
| 020 |
|
|
|a 3540379215 (electronic bk.)
|
| 020 |
|
|
|z 9783540074069
|
| 020 |
|
|
|z 3540074066
|
| 020 |
|
|
|z 9780387074061
|
| 020 |
|
|
|z 0387074066
|
| 035 |
|
|
|a (OCoLC)296741117
|z (OCoLC)625214755
|z (OCoLC)681459572
|
| 040 |
|
|
|a SPLNM
|b eng
|e pn
|c SPLNM
|d GW5XE
|d OCLCQ
|d OL$
|d OCLCO
|d OCLCQ
|d GW5XE
|d OCLCE
|d OCLCF
|d OCLCQ
|d OCLCO
|d UtOrBLW
|
| 042 |
|
|
|a dlr
|
| 049 |
|
|
|a TXAM
|
| 050 |
|
4 |
|a QA3
|b .L28 no. 488
|a QA251.5
|
| 082 |
0 |
4 |
|a 510.8
|2 22
|
| 111 |
2 |
|
|a International Conference on Representations of Algebras
|d (1974 :
|c Carleton University)
|
| 245 |
1 |
0 |
|a Representations of algebras :
|b proceedings of the international conference, Ottawa 1974 /
|c edited by V. Dlab, P. Gabriel.
|
| 264 |
|
1 |
|a Berlin ;
|a New York :
|b Springer-Verlag,
|c 1975.
|
| 300 |
|
|
|a 1 online resource (xii, 378 pages) :
|b illustrations.
|
| 336 |
|
|
|a text
|b txt
|2 rdacontent
|
| 337 |
|
|
|a computer
|b c
|2 rdamedia
|
| 338 |
|
|
|a online resource
|b cr
|2 rdacarrier
|
| 490 |
1 |
|
|a Lecture Notes in Mathematics,
|x 0075-8434 ;
|v 488
|
| 504 |
|
|
|a Includes bibliographical references and index.
|
| 538 |
|
|
|a Master and use copy. Digital master created according to Benchmark for Faithful Digital Reproductions of Monographs and Serials, Version 1. Digital Library Federation, December 2002.
|u http://purl.oclc.org/DLF/benchrepro0212
|5 MiAaHDL
|
| 583 |
1 |
|
|a digitized
|c 2010
|h HathiTrust Digital Library
|l committed to preserve
|2 pda
|5 MiAaHDL
|
| 588 |
|
|
|a Description based on print version record.
|
| 500 |
|
|
|a Electronic resource.
|
| 650 |
|
0 |
|a Associative algebras
|v Congresses.
|
| 650 |
|
0 |
|a Representations of algebras
|v Congresses.
|
| 650 |
|
6 |
|a Représentations d'algèbres
|x Congrès.
|
| 650 |
|
7 |
|a Associative algebras.
|2 fast
|0 (OCoLC)fst00819227
|
| 650 |
|
7 |
|a Representations of algebras.
|2 fast
|0 (OCoLC)fst01094934
|
| 655 |
|
7 |
|a Electronic books.
|2 local
|
| 655 |
|
7 |
|a Conference proceedings.
|2 fast
|0 (OCoLC)fst01423772
|
| 700 |
1 |
|
|a Dlab, Vlastimil.
|
| 700 |
1 |
|
|a Gabriel, Peter,
|d 1933-
|
| 710 |
2 |
|
|a SpringerLink (Online service)
|
| 776 |
1 |
8 |
|i Print version:
|a International Conference on Representations of Algebras (1974 : Carleton University).
|t Representations of algebras.
|d Berlin ; New York : Springer-Verlag, 1975
|z 0387074066
|w (DLC) 75030550
|w (OCoLC)1676334
|
| 830 |
|
0 |
|a Lecture notes in mathematics (Springer-Verlag) ;
|v 488.
|
| 856 |
4 |
0 |
|u http://proxy.library.tamu.edu/login?url=https://link.springer.com/10.1007/BFb0081211
|z Connect to the full text of this electronic book
|t 0
|
| 994 |
|
|
|a 92
|b TXA
|
| 999 |
|
|
|a MARS
|
| 999 |
f |
f |
|s d70ffee9-a6c7-3449-9181-a93a8251d260
|i d198c113-9ad3-3e77-906d-76dae8b2cf5a
|t 0
|
| 952 |
f |
f |
|a Texas A&M University
|b College Station
|c Electronic Resources
|s www_evans
|d Available Online
|t 0
|e QA3 .L28 no. 488
|h Library of Congress classification
|
| 998 |
f |
f |
|a QA3 .L28 no. 488
|t 0
|l Available Online
|